书目信息 |
| 题名: |
亚里士多德
|
|
| 作者: | 莫斯利 著 ;王爱松 译 | |
| 分册: | ||
| 出版信息: | 哈尔滨 黑龙江教育出版社 2017 |
|
| 页数: | 266页 | |
| 开本: | 21cm | |
| 丛书名: | ||
| 单 册: | ||
| 中图分类: | B502.233 , G40-095.45 | |
| 科图分类: | ||
| 主题词: | 教育思想--研究--古希腊 | |
| 电子资源: | ||
| ISBN: | 978-7-5316-9103-7 | |
| 000 | 01066nam0 2200277 450 | |
| 001 | 502 | |
| 005 | 20180520222254.92 | |
| 010 | @a978-7-5316-9103-7@dCNY30.00 | |
| 100 | @a20170427d2017 em y0chiy50 ea | |
| 101 | 1 | @achi@ceng |
| 102 | @aCN@b230000 | |
| 105 | @ay z 001yy | |
| 200 | 1 | @a亚里士多德@9ya li shi duo de@dAristotle@zeng@f(美)亚历山大·莫斯利(Alexander Moseley)著@g王爱松译 |
| 210 | @a哈尔滨@c黑龙江教育出版社@d2017 | |
| 215 | @a266页@d21cm | |
| 300 | @a布鲁姆斯伯里图书馆之教育思想 | |
| 314 | @a亚历山大·莫斯利 (Alexander Moseley),授课于美国伊凡斯维尔大学,他在哲学方面有著述,其中包括《政治哲学导论》、《哲学A-Z》等。 | |
| 330 | @a本书分为四部分,内容包括:思想传记、亚里士多德教育思想评述、亚里士多德著作的认可与影响、亚里士多德在今天的意义。 | |
| 510 | 1 | @aAristotle@zeng |
| 606 | 0 | @a教育思想@x研究@x古希腊 |
| 690 | @aB502.233@v5 | |
| 690 | @aG40-095.45@v5 | |
| 701 | 0 | @c(美)@a莫斯利@9mo si li@c(Moseley, Alexander)@4著 |
| 702 | 0 | @a王爱松@9wang ai song@4译 |
| 801 | 0 | @aCN@b91MARC@c20170427 |
| 905 | @aMuseLib@dB502.233@e118 | |
| 亚里士多德=Aristotle/(美)亚历山大·莫斯利(Alexander Moseley)著/王爱松译.-哈尔滨:黑龙江教育出版社,2017 |
| 266页;21cm |
| 布鲁姆斯伯里图书馆之教育思想 |
| ISBN 978-7-5316-9103-7:CNY30.00 |
| 本书分为四部分,内容包括:思想传记、亚里士多德教育思想评述、亚里士多德著作的认可与影响、亚里士多德在今天的意义。 |
| ● |
| 相关链接 |
|
|
|
|
正题名:亚里士多德
索取号:B502.233/118
 
预约/预借
| 序号 | 登录号 | 条形码 | 馆藏地/架位号 | 状态 | 备注 |
| 1 | 1102949 | 211029493 | 第一样本阅览室/ [索取号:B502.233/118] | 在馆 | |
| 2 | 1102950 | 211029509 | 教育系资料室/ [索取号:B502.233/118] | 在馆 | |
| 3 | 1102951 | 211029518 | 教育系资料室/ [索取号:B502.233/118] | 在馆 | |
| 4 | 1102952 | 211029527 | 教育系资料室/ [索取号:B502.233/118] | 在馆 | |
| 5 | 1102953 | 211029536 | 第一借阅区/ [索取号:B502.233/118] | 在馆 | |
| 6 | 1102954 | 211029545 | 第一借阅区/ [索取号:B502.233/118] | 在馆 |